Signos para la memoria : Coahuila : herencia de la naturaleza /
محفوظ في:
| مؤلفون آخرون: | , , , |
|---|---|
| التنسيق: | كتاب |
| اللغة: | الإسبانية |
| منشور في: |
Coahuila, México :
Centro de Estudios Sociales y Humanísticos,
1995, c1995
|
| الموضوعات: | |
| الوسوم: |
لا توجد وسوم, كن أول من يضع وسما على هذه التسجيلة!
|
MARC
| LEADER | 00000nam^a2200000^a^4500 | ||
|---|---|---|---|
| 001 | 000303710 | ||
| 005 | 20250521000000.0 | ||
| 009 | 20260310112655.569 | ||
| 020 | |a 968-7642-00-9 | ||
| 037 | |a Acervo ITESO - Biblioteca | ||
| 041 | |a ESP | ||
| 082 | |a 575. 500972 |b SIG | ||
| 245 | 0 | 0 | |a Signos para la memoria : |b Coahuila : herencia de la naturaleza / |c E. Canales... [et al.] ; fotografía de A. De Stéfano ; presen. de R. Montemayor Seguy ; pról. de J. Carabias. |
| 264 | 4 | |a Coahuila, México : |b Centro de Estudios Sociales y Humanísticos, |c 1995, c1995 | |
| 300 | |a 205 p. | ||
| 336 | |a texto |b txt |2 rdacontenido | ||
| 337 | |a sin mediación |b n |2 rdamedio | ||
| 338 | |a volumen |b nc |2 rdasoporte | ||
| 649 | |a XX | ||
| 650 | |a Flora - |z Coahuila | ||
| 650 | |a Fauna - |z Coahuila | ||
| 650 | |a Biodiversidad - |z Coahuila - |x Tema Principal | ||
| 650 | |a Hombre - |z Coahuila - |x Influencia del Medio Ambiente | ||
| 650 | |a Impacto Ambiental - |z Coahuila | ||
| 650 | |a Conservación y Protección Ambiental - |z Coahuila | ||
| 650 | |a Medio Ambiente - |z Coahuila | ||
| 650 | |a Ecología - |z Coahuila | ||
| 650 | |a Biología | ||
| 650 | |a Ciencias Ambientales | ||
| 650 | |a Ciencias Naturales | ||
| 650 | |a Fotografía de Animales | ||
| 650 | |a Fotografía de la Naturaleza | ||
| 650 | |a Coahuila - |x Fotografías - |x Tema Principal | ||
| 650 | |a Coahuila - |x Descripción | ||
| 650 | |a México - |x Fotografías | ||
| 650 | |a México - |x Descripción | ||
| 700 | |a Canales, Eglantina |e (autor) | ||
| 700 | |a Stéfano, Alfredo de |e (fotógrafo) | ||
| 700 | |a Montemayor Seguy, Rogelio |e (presentación) | ||
| 700 | |a Carabias, Julia |e (prólogo) | ||
| 910 | |a Fondo General | ||
| 920 | |a Impresos - Libros | ||
| 930 | |a Reserva Especial | ||
| 905 | |a 103 | ||
| 901 | |a 0500189944 |b IT1 |c REE |i D49680 |u 20250521 | ||
| 902 | |a https://opac.biblio.iteso.mx/vufind/Record/000303710 | ||